00697nam a2200169Ia 4500008004100000041000800041082001700049100002500066245008500091260003300176300000800209365001600217700005500233906005000288999001900338952017000357230718s9999 xx 000 0 und d aeng a620.106bKIS aKiselev S.P.9170701 aFluid MechanicsbFoundations And Applications Problem Solving Using Mathematica c2008bJaico Publishing House a575 cRs.b525.00 aKiselev S.P., Vorozhtsov E.V. & Fomin V.M.9190828 dO:0035227-Oct-2009B:47822-Sep-2009cMECHb105 c322975d322975 00104070aCCEPbCCEPd2009-10-27ePradeep Book DistributorsfMECHg420.00i478l0o620.106pCCEP-BK-34182r2023-07-18 00:00:00t105v525.00w2009-09-22yBKz034182